|
|
|
|
| LEADER |
00793nab a2200193 i 4500 |
| 001 |
misc7782 |
| 005 |
20191106144043.0 |
| 008 |
170607s1902 hu o 0|| hun d |
| 022 |
|
|
|a 0025-0260
|
| 040 |
|
|
|a SZTE Miscellanea Repozitórium
|b hun
|
| 041 |
|
|
|a hun
|
| 100 |
1 |
|
|a Bihari Ferenc
|
| 245 |
1 |
3 |
|a Az akarat nevelése. Irta [!Írta] Geőcze Sarolta. (Népnev. Könyvtára, 12. füzet) Budapest, 1901. Lampel
|h [elektronikus dokumentum] /
|c Bihari Ferenc
|
| 260 |
|
|
|c 1902
|
| 300 |
|
|
|a 256-259
|
| 490 |
0 |
|
|a Magyar pedagógia : a Magyar Tudományos Akadémia Pedagógiai Bizottságának folyóirata
|v 11
|
| 695 |
|
|
|a Akarat pszichológia, Jellemformálás, Akarat nevelése
|
| 700 |
0 |
1 |
|a Geőcze Sarolta
|e aut
|
| 856 |
4 |
0 |
|u http://misc.bibl.u-szeged.hu/7782/1/mp_1902_0805_256-259.pdf
|z Dokumentum-elérés
|